Statistics for Which country is this RuPaul's Drag Race queen from?

Click here to take the quiz!

General Stats

  • This quiz has been taken 2,060 times
    (322 since last reset)
  • The average score is 22 of 30

Answer Stats

QUEENCOUNTRY% Correct
PythiaCA
100%
Aimee Yonce ShennelCA
100%
Anastarzia AnaquwayCA
100%
JimboCA
100%
PriyankaCA
100%
Kimmy CoutureCA
100%
Tynomi BanksCA
100%
Kita MeanDO
100%
Kween KongDO
100%
Molly PoppinzDO
100%
Estrella XtravaganzaES
100%
Arantxa Castilla-La ManchaES
100%
ElipsFR
100%
Envy PeruHO
100%
Elecktra BionicIT
100%
GenieTH
100%
Natalia PliacamTH
100%
Jonbers BlondeUK
100%
Cheddar GorgeousUK
100%
Cheryl HoleUK
100%
Bimini Bon-BoulashUK
100%
Ellie DiamondUK
100%
Ginny LemonUK
100%
Victoria SconeUK
100%
Pixie PoliteUK
100%
Miz CrackerUS
100%
Trinity The Tuck / TaylorUS
100%
Mayhem MillerUS
100%
PeppermintUS
100%
Kalorie Karbdashian WilliamsUS
100%
Jaymes MansfieldUS
100%
Eureka O'HaraUS
100%
Vanessa Vanjie MateoUS
100%
Alexis MichelleUS
100%
Kandy HoUS
100%
AjaUS
100%
Acid BettyUS
100%
Derrick BarryUS
100%
Chi Chi DeVayneUS
100%
Kim ChiUS
100%
Brooke Lynn HytesUS
100%
MaxUS
100%
Jaidynn Diore FierceUS
100%
Miss FameUS
100%
Hershii LiqCour-JetéUS
100%
KatyaUS
100%
Yuhua HamasakiUS
100%
Lala RiUS
100%
Honey DavenportUS
100%
UticaUS
100%
AkashiaUS
100%
Daya BettyUS
100%
JorgeousUS
100%
June JambalayaUS
100%
Maddy MorphosisUS
100%
AmethystUS
100%
AnetraUS
100%
Loosey LaDucaUS
100%
Malaysia Babydoll FoxxUS
100%
Salina EsTittiesUS
100%
RoséUS
100%
Kahanna MontreseUS
100%
Kelly MantleUS
100%
Kahmora HallUS
100%
Joey JayUS
100%
DenaliUS
100%
JanUS
100%
Heidi N ClosetUS
100%
Aiden ZhaneUS
100%
SojuUS
100%
Silky Nutmeg GanacheUS
100%
Plastique TiaraUS
100%
Kennedy DavenportUS
100%
BritaUS
100%
Plane JaneUS
100%
Nymphia WindUS
100%
Morgan McMichaelsUS
100%
Alexis MateoUS
100%
Monica Beverly HillzUS
100%
Manila LuzonUS
100%
ShangelaUS
100%
Tammie BrownUS
100%
Madame LaQueerUS
100%
Nicole Paige BrooksUS
100%
Honey MahoganyUS
100%
Tyra SanchezUS
100%
WillamUS
100%
RavenUS
100%
Jade JolieUS
100%
TatiannaUS
100%
Ivy WintersUS
100%
Kylie Sonique LoveUS
100%
Jessica WildUS
100%
Alisa SummersUS
100%
Roxxxy AndrewsUS
100%
Jinkx MonsoonUS
100%
Yara SofiaUS
100%
AlaskaUS
100%
Nina FlowersUS
100%
BeBe Zahara BenetUS
100%
Phi Phi O'HaraUS
100%
Sharon NeedlesUS
100%
Latrice RoyaleUS
100%
Dida RitzUS
100%
Mimi ImfurstUS
100%
India FerrahUS
100%
Delta WorkUS
100%
Victoria Porkchop ParkerUS
100%
MegamiUS
100%
QUS
100%
Monique / Mo HeartUS
94%
Gia GunnUS
93%
Pandora BoxxUS
93%
Willow PillUS
93%
Ra'Jah O'HaraUS
93%
Kitty Scott-ClausUK
92%
A'Keria C. DavenportUS
92%
Alyssa HunterUS
92%
Naysha LopezUS
92%
ValentinaUS
92%
Elliott With 2 TsUS
92%
Sherry PieUS
92%
Lady CamdenUS
92%
Nicky DollUS
92%
Juriji Der KleeES
91%
CrystalUK
91%
A'WhoraUK
91%
Lawrence ChaneyUK
91%
Alyssa EdwardsUS
91%
Courtney ActUS
91%
Sahara DavenportUS
91%
Adore DelanoUS
91%
Ashley MadisonDO
90%
Angele AnangTH
90%
Gothy KendollUK
90%
Nina WestUS
90%
Shuga CainUS
90%
PlasmaUS
90%
Jasmine KennedieUS
90%
RajaUS
90%
Geneva KarrUS
90%
Farrah MoanUS
90%
Princess PoppyUS
90%
Jasmine MastersUS
90%
The Girlfriend ExperienceCA
89%
Rita BagaCA
89%
Eve 6000CA
89%
MoonFR
89%
Soa de MuseFR
89%
River MedwayUK
89%
Pangina HealsUK
89%
MilkUS
89%
Sasha BelleUS
89%
PearlUS
89%
Laganja EstranjaUS
89%
DeJa SkyeUS
89%
Ben De La CremeUS
89%
Ariel VersaceUS
89%
Rebecca GlasscockUS
89%
Serena ChaChaUS
89%
Kimora BlacUS
89%
Magnolia CrawfordUS
89%
Chelazon LerouxCA
88%
Marisa PrisaES
88%
Drag ChuchiES
88%
Kelly RollerES
88%
Marina SummersPH
88%
Antonina NutshellSV
88%
The VivienneUK
88%
Vanity MilanUK
88%
Sister SisterUK
88%
Violet ChachkiUS
88%
PhoenixUS
88%
Gigi GoodeUS
88%
Chad MichaelsUS
88%
Jiggly CalienteUS
88%
GottmikUS
88%
Yvie OddlyUS
88%
Crystal MethydUS
88%
PeachBE
86%
Océane Aqua-BlackCA
86%
Nearah NuffCA
86%
BOACA
86%
Carmen FaralaES
86%
MatrakaME
86%
Gigi EraPH
86%
Choriza MayUK
86%
Scarlett HarlettUK
86%
Joe BlackUK
86%
Vinegar StrokesUK
86%
Copper ToppUK
86%
Amanda Tori MeatingUS
86%
BoscoUS
86%
Bianca Del RioUS
86%
The VixenUS
86%
Dahlia SinUS
86%
Joslyn FoxUS
86%
Jaida Essence HallUS
86%
Irene DuboisUS
86%
Sasha VelourUS
86%
Vivienne PinayUS
86%
Mrs. Kasha DavisUS
85%
Monét X ChangeUS
85%
La VeuveBE
83%
Scarlet AdamsDO
83%
Rita MenuDO
83%
Sum Ting WongUK
83%
Kate ButchUK
83%
DeDeLiciousUK
83%
Just MayUK
83%
Marcia Marcia MarciaUS
83%
Ginger MinjUS
83%
DawnUS
83%
Nina Bo'nina BrownUS
83%
SugarUS
83%
Lashauwn BeyondUS
83%
MilanUS
83%
SymoneUS
83%
Trinity K. BonetUS
83%
Jackie CoxUS
83%
Carmen CarreraUS
83%
Robin FierceUS
83%
SpiceUS
83%
Aubrey HaiveDO
82%
La Grande DameFR
82%
MatilduhPH
82%
Black PeppaUK
82%
Angeria Paris VanMichealsUS
82%
Darienne LakeUS
82%
Morphine Love DionUS
82%
Dax Exclamation PointUS
82%
Chloe ClarkeBE
80%
Shannon SkarlletBR
80%
Icesis CoutureCA
80%
Vivian VanderpussCA
80%
KiaraCA
80%
Beverly KillsDO
80%
MarinaES
80%
SharonneES
80%
Tessa TesticleGE
80%
La PradaIT
80%
ObamaIT
80%
Precious Paula NicolePH
80%
Captivating KatkatPH
80%
BerniePH
80%
Année MaywongTH
80%
Miss Naomi CarterUK
80%
Blu HydrangeaUK
80%
Elektra FenceUK
80%
OnginaUS
80%
Naomi SmallsUS
80%
Bob The Drag QueenUS
80%
Tina BurnerUS
80%
Luxx Noir LondonUS
80%
Shea CouleéUS
80%
Kenya MichaelsUS
80%
JaxUS
80%
Blair St. ClairUS
80%
Widow Von’DuUS
80%
Mistress Isabelle BrooksUS
80%
Sasha ColbyUS
80%
DetoxUS
80%
Divina De CampoUK
79%
Mystique Summers MadisonUS
79%
Amanda TearsBE
78%
Gia MetricCA
78%
Anita Wigl'itDO
78%
Onyx UnleashedES
78%
Janey JackéHO
78%
Aura EternalIT
78%
Danny BeardUK
78%
Charity KaseUK
78%
Mariah Paris BalenciagaUS
78%
Xunami MuseUS
78%
Mercedes Iman DiamondUS
78%
Aura MayariUS
78%
Robbie TurnerUS
78%
Tristan SoledadeBR
77%
KaosCA
77%
Ilona VerleyCA
77%
Miss MoçoCA
77%
Jota CarajotaES
77%
Kerri ColbyUS
77%
ShannelUS
77%
Mhi'ya Iman Le'PaigeUS
77%
Sarah LoganBE
75%
OrganzzaBR
75%
Lady Boom BoomCA
75%
BombaeCA
75%
Aurora MatrixCA
75%
Maxi ShieldDO
75%
SagittariaES
75%
La Big BerthaFR
75%
La KahenaFR
75%
Sara ForeverFR
75%
Yvonne NightstandGE
75%
Pandora NoxGE
75%
Vanessa Van CartierHO
75%
XilhouetePH
75%
Admira ThunderpussySV
75%
Santana SexmachineSV
75%
BanksieUK
75%
AnubisUK
75%
Krystal VersaceUK
75%
Dakota SchifferUK
75%
Coco MontreseUS
75%
JadeUS
75%
Venus D-LiteUS
75%
MirageUS
75%
Cynthia Lee FontaineUS
75%
Stacy Layne MatthewsUS
75%
Tempest DuJourUS
75%
Betina PolaroidBR
73%
Jada Shada HudsonCA
73%
LemonCA
73%
The MacarenaES
73%
Ivana VampIT
73%
Miss GimhuayTH
73%
Suki DollCA
71%
Sisi SuperstarCA
71%
Venedita Von DäshES
71%
Pupi PoissonES
71%
My Little PunyHO
71%
Megan SchoonbroodHO
71%
FontanaSV
71%
AmadivaTH
71%
Penny TrationUS
71%
Sapphira CristálUS
71%
Kornbread "The Snack" JetéUS
71%
AquariaUS
71%
Tamisha ImanUS
71%
Miss FiercaliciousCA
70%
Kitty SpaceFR
70%
Cookie KuntyFR
70%
KeionaFR
70%
Ma'Ma QueenHO
70%
Le RicheIT
70%
Gala VaroME
70%
Almighty AphroditeySV
70%
BanditTH
70%
B EllaTH
70%
Cherry ValentineUK
70%
Kameron MichaelsUS
70%
Kitten KaboodleCA
69%
Etcetera EtceteraDO
69%
Lolita BananaFR
69%
NehelleniaIT
69%
Drag CouenneBE
67%
NazaBR
67%
Kendall GenderCA
67%
VenusCA
67%
KyneCA
67%
Juice BoxxCA
67%
Hannah CondaDO
67%
Bumpa LoveDO
67%
Elektra ShockDO
67%
PakitaES
67%
Samantha BallentinesES
67%
RoseFR
67%
PicheFR
67%
PalomaFR
67%
Kelly HeeltonGE
67%
Ivy-ElyseHO
67%
Reggy BHO
67%
RoemHO
67%
Chelsea BoyHO
67%
Morgana CosmicaIT
67%
Adriana PicassoIT
67%
Lady MorganaPH
67%
Le FilUK
67%
TayceUK
67%
Vicki VivaciousUK
67%
BabyUK
67%
Sminty DropUK
67%
Rock M. SakuraUS
67%
Asia O'HaraUS
67%
Charlie HidesUS
67%
Olivia LuxUS
67%
Thorgy ThorUS
67%
Kandy MuseUS
67%
Melinda VergaCA
64%
Art SimoneDO
64%
Minnie CooperDO
64%
Hornella GóngoraES
64%
AdrianaCA
63%
Scarlett BoBoCA
63%
BethCA
63%
Barbie QGE
63%
Lightning AuroraIT
63%
Pixie PixieME
63%
Kandy ZyanideTH
63%
Cara MelleUK
63%
Baga ChipzUK
63%
VivaciousUS
63%
April CarriónUS
63%
Trixie MattelUS
63%
Brittany Von BottoksBE
60%
MorphaeBE
60%
AquarelaBR
60%
Stephanie PrinceCA
60%
Ivanna DrinkDO
60%
Spankie JackzonDO
60%
Hugáceo CrujienteES
60%
La BriochéeFR
60%
VespiFR
60%
VivaldiHO
60%
Keta MinajHO
60%
Madame MadnessHO
60%
SkandaloveIT
60%
SyparioIT
60%
Cristian PeraltaME
60%
Tiny DeluxePH
60%
M1ss Jade SoPH
60%
MorriganTH
60%
Tomara ThomasUK
60%
The PrincessUS
60%
Dusty Ray BottomsUS
60%
DenimCA
58%
Lina GaloreIT
58%
Meannie MinajTH
58%
ValenciagaBE
57%
Madame YokoBE
57%
Yuri GuaiiDO
57%
BestiahES
57%
Clover BishES
57%
Drag SethlasES
57%
Pink ChadoraES
57%
Victoria ShakespearsGE
57%
Patty Pam-PamHO
57%
The CountessHO
57%
Lady KeroME
57%
BrigidingPH
57%
Bunny Be FlyTH
57%
M Stranger FoxTH
57%
Ella VadayUK
57%
Michael MarouliUK
57%
Veronica GreenUK
57%
Loulou VelvetBE
56%
Mademoisel. BoopBE
56%
Gisèle LullabyCA
56%
Hollywould StarDO
56%
Diamante MerybrownES
56%
MetamorkidGE
56%
Amy KraniaIT
56%
Hana BeshiePH
56%
Astrid MercuryPH
56%
TuringPH
56%
PetchraTH
56%
Tia KofiUK
56%
Ginger JohnsonUK
56%
AmylDO
55%
Viñas DeLuxePH
55%
La DiamondIT
54%
Serena MorenaME
54%
Hellena MaldittaBR
50%
Miranda LebrãoBR
50%
Diva MoreBR
50%
Kimora AmourCA
50%
Luna DuBoisCA
50%
Synthia KissCA
50%
Ivory GlazeDO
50%
Isis Avis LorenDO
50%
Jojo ZahoDO
50%
Killer QueenES
50%
VisaES
50%
Dovima NurmiES
50%
Drag VulcanoES
50%
PititaES
50%
IntiES
50%
Lova LadivaFR
50%
Kam HughFR
50%
The Only NaomyGE
50%
LéLé CocoonGE
50%
TabithaHO
50%
La Petite NoireIT
50%
Melissa BianchiniIT
50%
Silvana della MaglianaIT
50%
Farida KantIT
50%
GioffréIT
50%
DivinityIT
50%
Vermelha NoirME
50%
Miss VallartaME
50%
Eva Le QueenPH
50%
DeeDee Marié HollidayPH
50%
CorazonPH
50%
Imaa QueenSV
50%
TormaiTH
50%
JAJATH
50%
Vanda Miss JoaquimTH
50%
Maya B'HaroTH
50%
Dearis DollTH
50%
Scaredy KatUK
50%
Alexis Saint-PeteUK
50%
Laila McQueenUS
50%
Lineysha SparxUS
50%
Scarlet EnvyUS
50%
Luquisha LubambaIT
46%
EndigoSV
46%
Juicy KutoureHO
45%
Margaret Y YaME
45%
Rubi OceanBR
44%
Gabriella LabucciDO
44%
Coco JumboDO
44%
PunaniFR
44%
Love MasisiHO
44%
Tanissa YoncèIT
44%
Arizona BrandyPH
44%
SusanBE
43%
Enorma JeanIT
43%
ØV CüntPH
43%
SrimalaTH
43%
StarletUK
43%
Halal BaeCA
42%
Mocca BoneBE
40%
GabannaBE
40%
VezirjaIT
40%
Panthera VirusIT
40%
La SheevaIT
40%
Sissy LeaIT
40%
Silver SonicTH
40%
JujubeeUS
40%
AlvildaBE
38%
FlorDO
38%
Minty FreshPH
38%
Faúx FúrDO
36%
Maria EdiliaES
36%
ElecktraSV
36%
Athena SorgelikisBE
33%
Irma GerdCA
33%
Mami WattaFR
33%
Loreley RiversGE
33%
Nikita VegazGE
33%
SederginneHO
33%
Veruschka LevelsPH
33%
Kana WarriorTH
33%
Mocha DivaTH
33%
Melusine SparkleBR
30%
Regina VoceME
30%
Pomara FifthDO
29%
NarcisoIT
29%
Vanity VainSV
29%
Kiki CoeCA
25%
Chanel AnorexES
25%
Ariel RecES
25%
Vania VainillaES
25%
ArgennisME
25%
Nicole PardauxPH
25%
Katy KillerTH
25%
Edna SorgelsenBE
20%
PrincePH
17%
Asttina MandellaUK
17%
Ginger BitchFR
14%
Leila YarnIT
14%
Dallas de VilBR
0%
Karen from FinanceDO
0%
Miss Abby OMGHO
0%
Ava HangarIT
0%
QUEENSSE
0%

Score Distribution

Percentile by Number Answered

Percent of People with Each Score

Your Score History

You have not taken this quiz since the last reset